Borussia Dortmund Squad 2012-2013 - Statistics

General Stats
  • This quiz has been taken 16 times
  • The average score is 14 of 28
Answer Stats
# Position Nation Player % Correct
8 MF Germany İlkay Gündoğan
93%
11 MF Germany Marco Reus
93%
15 DF Germany Mats Hummels
93%
9 FW Poland Robert Lewandowski
93%
1 GK Germany Roman Weidenfeller
93%
4 DF Serbia Neven Subotić
87%
26 DF Poland Łukasz Piszczek
80%
10 MF Germany Mario Götze
80%
16 FW Poland Jakub Błaszczykowski
73%
29 DF Germany Marcel Schmelzer
73%
18 MF Turkey Nuri Şahin
73%
19 DF Germany Kevin Großkreutz
67%
6 MF Germany Sven Bender
60%
5 MF Germany Sebastian Kehl
53%
27 DF Brazil Felipe Santana
47%
- Coach Germany Jürgen Klopp
47%
14 FW Croatia Ivan Perišić
40%
20 GK Australia Mitchell Langerak
33%
23 FW Germany Julian Schieber
27%
32 MF Germany Leonardo Bittencourt
20%
21 MF Germany Oliver Kirch
20%
24 DF Germany Chris Löwe
13%
31 MF Germany Marvin Bakalorz
13%
7 MF Germany Moritz Leitner
13%
22 DF Germany Patrick Owomoyela
13%
33 GK Serbia Zlatan Alomerović
13%
30 DF Germany Koray Günter
7%
3 DF Germany Marc Hornschuh
7%
No matching quizzes found
Score Distribution
Percent of People with Each Score
Percentile by Number Answered
Your Score History
You have not taken this quiz